Normal view
MARC view
- العراق -هيئة علماء المسلمين -الشيخ حارث الضاري
Entry Topical Term
001 - CONTROL NUMBER
- control field: 64115
003 - CONTROL NUMBER IDENTIFIER
- control field: JO-AjAnu
005 - DATE AND TIME OF LATEST TRANSACTION
- control field: 20230606084448.0
008 - FIXED-LENGTH DATA ELEMENTS
- fixed length control field: 230606|| aca||aabn | a|a d
040 ## - CATALOGING SOURCE
- Original cataloging agency: JO-AjAnu
- Transcribing agency: JO-AjAnu
150 ## - HEADING--TOPICAL TERM
- Topical term or geographic name entry element: العراق -هيئة علماء المسلمين -الشيخ حارث الضاري
670 ## - SOURCE DATA FOUND
- Source citation: Work cat.: (JO-AjAnu)32686: اعداد هيئة علماء المسلمين في العراق, author 64114, هيئة علماء المسلمين في العراق والشيخ حارث الضاري في ذاكرة الأمة: اعمال المؤتمر العلمي الأول